Výročná správa o činnosti Filozofickej fakulty KU v roku ...

Bibliographic Details
Corporate Author: Katolícka univerzita v Ružomberku. Filozofická fakulta
Other Authors: Vaško, Imrich, 1936-2010 (Compiler), Olekšák, Peter, 1969- (Compiler), Kuna, Marian, 1972- (Compiler), Labuda, Pavol, 1977- (Compiler)
Format: Serial
Language:Slovak
PhysicalDescription:zv. grafy, tab. 29 cm
Published: Ružomberok Filozofická fakulta KU 2006-
ISBN:8080840709 (brož. : r. 2005)
8080841577 (brož. : r. 2006)
Subjects:

MARC

LEADER 00000nas a2200000 a 4500
001 vtls008933521
003 SK-MaSNL
005 20260425194309.0
008 070109c20059999xo ar 0 b0slo
015 |a SNBB2008/01-00287 (r. 2005)  |a SNBB2008/01-00288 (r. 2006) 
020 |a 8080840709 (brož. : r. 2005) 
020 |a 8080841577 (brož. : r. 2006)  |z 9788080841577 
040 |a SNK  |b slo  |c SNK  |e AACR2 
041 0 |a slo 
043 |a e-xo--- 
044 |a xo  |c SK 
072 7 |a 378  |x Vysoké školy  |2 konspekt 
080 |a 378.096-029:1  |2 2001 
080 |a (047.6)  |2 2001 
080 |a (047.1)  |2 2001 
110 2 |a Katolícka univerzita v Ružomberku.  |b Filozofická fakulta  |9 256490 
245 1 0 |a Výročná správa o činnosti Filozofickej fakulty KU v roku ...  |c Katolícka univerzita v Ružomberku, Filozofická fakulta 
246 1 1 |a Annual report Catholic university in Ružomberok Faculty of arts and letters 
246 3 3 |a Výročná správa o činnosti Filozofickej fakulty KU v Ružomberku ... 
260 |a Ružomberok  |b Filozofická fakulta KU  |c 2006- 
300 |a zv.  |b grafy, tab.  |c 29 cm 
310 |a 1x ročne 
362 0 |a R. 2005- 
500 |a Súčasťou názvu je označenie bežného roku 
500 |a Zost.: R. 2005, Imrich Vaško a Peter Olekšák; R. 2006, Imrich Vaško a [kol.] 
500 |a V r. 2006 uvedený na obale súbežný angl. názov 
610 2 7 |a Katolícka univerzita v Ružomberku.  |b Filozofická fakulta  |2 SNKKA  |9 256490 
650 0 7 |a filozofické fakulty  |2 SNKPH  |9 221054 
651 7 |a Slovensko  |2 SNKPH  |9 14231 
655 7 |a výročné správy  |2 SNKPH  |9 70580 
700 1 |a Vaško, Imrich,  |d 1936-2010  |4 com  |9 206049 
700 1 |a Olekšák, Peter,  |d 1969-  |4 com  |9 217186 
700 1 |a Kuna, Marian,  |d 1972-  |4 com  |9 182855 
700 1 |a Labuda, Pavol,  |d 1977-  |4 com  |9 114987 
910 |a snk 
919 |a 80-8084-070-9 
919 |a 80-8084-157-7 
999 |c 9883  |d 11813 
952 |a SNK  |b SNK  |y PREZ  |7 0  |p 17A0524696  |o snkČSB 5506/2005  |i snk2007/489  |8 0  |0 0  |1 0  |4 0  |d 2007-01-09  |l 0  |r 2026-02-21 20:19:34  |w 2026-02-21 
952 |a SNK  |b SNK  |y PREZ  |7 0  |p 17A0524697  |o snkČSB 5506/2005 D1  |i snk2007/490  |8 0  |0 0  |1 0  |4 0  |d 2007-01-09  |l 0  |r 2026-02-21 20:19:34  |w 2026-02-21 
952 |a SNK  |b SNK  |y PREZ  |7 0  |p 17A0556022  |o snkČSB 5506/2006  |i snk2007/17322  |8 0  |0 0  |1 0  |4 0  |d 2007-07-12  |l 0  |r 2026-02-21 20:28:01  |w 2026-02-21 
952 |a SNK  |b SNK  |y PREZ  |7 0  |p 17A0556023  |o snkČSB 5506/2006 D1  |i snk2007/17323  |8 0  |0 0  |1 0  |4 0  |d 2007-07-12  |l 0  |r 2026-02-21 20:28:01  |w 2026-02-21